000 00985nam a2200229zu 4500
007 c| || a||||
008 230921c2024 xxk||||o ||||o00| 0 eng d
041 _aeng
110 _94900
_aRoyal Institution of Chartered Surveyors
245 _aRAAC: Advice and FAQs
260 _bRICS,
_cRegularly updated
520 _aThis page contains answers to frequently asked questions and advice for the public and members regarding Reinforced Autoclaved Aerated Concrete (RAAC). There are also links to key Government and professional body guidance
650 _aBUILDING DEFECTS
650 _aCONCRETE
650 _aEDUCATION BUILDINGS
650 _aREINFORCED AUTOCLAVED AERATED CONCRETE
650 _aSCHOOLS
651 _aUnited Kingdom
690 _96223
_aBuilding materials & defects
710 _94900
_aRoyal Institution of Chartered Surveyors
856 _uhttps://www.rics.org/news-insights/current-topics-campaigns/raac-advice-and-faqs
_zRAAC FAQs available on RICS.org
999 _c121668
_d121668